000 00641nam a2200253Ia 4500
003 OSt
005 20140507094141.0
008 140130s9999 xx 000 0 und d
020 _a9780439067553
050 _aPZ 8.3
_b.M127Cj 2003
100 _aMaccarone, Grace.
245 _cGrace Maccarone.
_aThe Class Trip /
260 _bScholastic Inc.,
_cc2003.
_aUSA :
300 _a30 p. :
_bcol. ill. ;
_c23 cm.
440 _v1
521 _aG1
526 _c160
650 _aZoos
_xFiction.
650 _aZoo animals
_xFiction.
650 _aSchool field trips
_xFiction.
942 _cBK
_2lcc
999 _c39900
_d39900